Trh s minerálnymi vodami má perspektívu

Minerálne vody na Slovensku a ich využitie na komerčné účely. Nedostatočná ponuka pramenitých vôd na slovenskom trhu. Odlišnosť slovenského zákazníka od európskeho. Vplyv marketingovej komunikácie na rozhodovanie zákazníka.

Enregistré dans:
Détails bibliographiques
Auteur principal: Lukačovičová, Zuzana
Format: Chapitre de livre
Langue:slovaque
Sujets:
Tags: Ajouter un tag
Pas de tags, Soyez le premier à ajouter un tag!

MARC

LEADER 00000naa$a2200000$$$4500
001 0057047
005 20240502071637.8
041 0 |a slo 
044 |a SK 
245 1 0 |a Trh s minerálnymi vodami má perspektívu  |c Zuzana Lukačovičová 
520 |a Minerálne vody na Slovensku a ich využitie na komerčné účely. Nedostatočná ponuka pramenitých vôd na slovenskom trhu. Odlišnosť slovenského zákazníka od európskeho. Vplyv marketingovej komunikácie na rozhodovanie zákazníka. 
610 2 0 |a voda minerálna 
610 2 0 |a trh 
610 2 0 |a spotrebitelia 
610 2 0 |a ponuka 
610 2 0 |a Slovensko 
610 2 0 |a komunikácia marketingová 
610 2 0 |a ceny predajné 
100 1 |a Lukačovičová, Zuzana